banner-ar

اداب من القران / (Record no. 29360)

MARC details
000 -الفاتح
حقل البيانات ثابتة الطول 00662nam a2200241Ia 4500
008 - عناصر البيانات ثابتة الطول - معلومات عامة
حقل البيانات ثابتة الطول 140319s9999 xx 000 0 ara d
040 ## - مصدر الفهرسة
وكالة الفهرسة الأصلية GCL /
وكالة النسخ GCL
082 04 - رقم تصنيف ديوى العشرى
رقم التصنيف 229.1
رقم المادة أ أ
100 1# - المدخل الرئيسى - إسم شخصى
الإسم الشخصى السيد عبدالحسين
245 10 - بيان العنوان
العنوان اداب من القران /
بيان المسئوليه,etc السيد عبدالحسين
700 1# - المدخل الاضافى - اسم شخصى
الإسم الشخصى لجنة الهدى (مترجم)
260 ## - PUBLICATION, DISTRIBUTION, ETC. (IMPRINT)
تاريخ النشر أو التوزيع 1992
300 ## - الوصف المادى
التعداد 343 ص
490 ## - بيان السلسلة
عنوان السلسلة
650 04 - المدخل الاضافى بالموضوع-مصطلح موضوعى
مصطلح موضوعي الاحكام الشرعية
650 04 - المدخل الاضافى بالموضوع-مصطلح موضوعى
مصطلح موضوعي العلوم
650 04 - المدخل الاضافى بالموضوع-مصطلح موضوعى
مصطلح موضوعي تفاسير
650 04 - المدخل الاضافى بالموضوع-مصطلح موضوعى
مصطلح موضوعي تغيير
650 04 - المدخل الاضافى بالموضوع-مصطلح موضوعى
مصطلح موضوعي فضائل
650 04 - المدخل الاضافى بالموضوع-مصطلح موضوعى
مصطلح موضوعي القران
942 ## - عناصر المدخل الإضافي( كوها)
مصدر التصنيف او مخطط الترفيف Dewey Decimal Classification
Koha [default] item type كتاب
260 ## - PUBLICATION, DISTRIBUTION, ETC. (IMPRINT)
-- [S.N] :
-- دار البلاغة ،
Holdings
حالة التراجع حالة الفقد حالة تلف ليس للاعارة المكان المؤقت الموقع الحالى تاريخ الاكتساب اجمالي اﻻعارات رقم الطلب الباركود تاريخ اخر مشاهدة تاريخ تفعيل السعر نوع وعاء كوها
        مكتبة القاهرة الكبرى مكتبة القاهرة الكبرى 03/26/2014   229.1\أ أ 68086 03/26/2014 03/26/2014 كتاب
        مكتبة القاهرة الكبرى مكتبة القاهرة الكبرى 03/26/2014   229.1\أ أ 68087 03/26/2014 03/26/2014 كتاب

Powered By

EGPV